01559 a2200193 4500001000700000020001500007040003200022100002100054245002500075250001200100260001900112300002400131362000900155520111000164650002701274650001901301650001201320650003301332126892 a852860022X cEscola Canadense de Niteroi aSaramago, José10aMemorial do convento a25. ed. aRio de Janeiro c8 x 13.72 x 2.03 cm0 a2000 aMemorial do Convento - publicado pela primeira vez em 1982 - tornou o português José Saramago um nome internacionalmente aclamado da literatura contemporânea, graças à mistura entre narrativa histórica e história individual. Embora esteja firmemente assentado na tradição da melhor ficção de seu país, a obra cativaria leitores das mais diversas culturas. No epicentro desta história está a construção do Palácio Nacional de Mafra, também conhecido como Convento. O monarca absolutista D. João V, cumprindo uma promessa, ordenou que o edifício fosse erguido no início do século XVIII, em pleno processo colonial, à custa de uma imensa quantidade de ouro e diamantes vindos do Brasil, além do sangue de milhares de operários. Dentre eles, havia um certo Baltasar, da estirpe de Sete-Sóis, inválido da mão esquerda depois de uma guerra, apaixonado por Blimunda, uma jovem dotada de poderes extraordinários. Indivíduos habitualmente não observados pela dita história oficial, mas que no entanto constituem seu tecido mais delicado e essencial.  4aFicção Histórica 4aReis e Rainhas 4aRomance 4aLiteratura para Jovem Adulto